MARC

LEADER 00000nam0a2200000 4500
001 224482
005 20231031200405.0
020 |a RU  |b 89-46245ж 
035 |a (RuTPU)RU\TPU\book\244791 
035 |a RU\TPU\book\226895 
090 |a 224482 
100 |a 20121026d1990 k y0rusy5003 ca 
101 0 |a rus 
102 |a UA 
105 |a a z 000zy 
200 1 |a Автоматизация производственных процессов в машиностроении  |f отв. ред. Н. К. Беззубенко 
210 |a Харьков  |c Основа  |d 1990 
215 |d 22 см  |a 88 с.  |c ил. 
225 1 |a Вестник Харьковского политехнического института  |v № 273, Вып. 1 
606 1 |a Машиностроение  |x Уровень автоматизации и механизации  |2 stltpush  |3 (RuTPU)RU\TPU\subj\41493 
610 1 |a машиностроительная промышленность 
610 1 |a технологическое проектирование 
610 1 |a автоматизация 
610 1 |a система автоматизированного проектирования 
610 1 |a САПР 
675 |a 621.002:65.011.5  |z rus  |v 3 
702 1 |a Беззубенко  |b Н. К.  |4 340 
801 0 |a RU  |b 63413507  |c 19950417  |g psbo 
801 1 |a RU  |b 63413507  |c 20120130 
801 2 |a RU  |b 63413507  |c 20131227  |g RCR 
942 |c BK